| 000 | 01220nam a2200217 a 4500 | ||
|---|---|---|---|
| 001 | ASIN0393304930 | ||
| 005 | 20170105102923.0 | ||
| 008 | 131209s1988 xxu eng d | ||
| 020 |
_a0393304930 (paperback) _c$16.95 |
||
| 020 | _a9780393304930 (paperback) | ||
| 040 | _a0 | ||
| 100 | 1 | _aWilliams, William Appleman. | |
| 245 | 1 | 4 |
_aThe tragedy of american diplomacy / _cWilliam Appleman Williams. |
| 260 |
_a[S.l.] : _bW. W. Norton & Company, _c1988. |
||
| 300 |
_a352 p. ; _c19 cm. |
||
| 490 | 1 | _aNew edition. | |
| 520 | _aOne of the first modern historians to integrate economic realities into the study of American foreign policy, William Appleman Williams has been a diplomatic historian of major influence since the first publication of The Tragedy of American Diplomacy . In this pioneering book, "the man who has really put the counter-tradition together in its modern form" ( Saturday Review ) examines the profound contradictions between America's ideals and its uses of its vast power, from the Open Door Notes of 1898 to the Bay of Pigs and the Vietnam War. | ||
| 830 | 0 | _aNew edition. | |
| 856 | 4 | 0 |
_3Amazon.com _uhttp://www.amazon.com/exec/obidos/ASIN/0393304930/chopaconline-20 |
| 942 |
_2ddc _cBK |
||
| 999 |
_c15696 _d15696 |
||